000 00458nmm a2200181 a 4500
003 AR-X00000XY
005 20251128212023.0
008 177020s1959 ||||||||||||||000 | spa||
040 _cAR-X00000XY
100 1 _aRilke, Rainer María
245 1 0 _aCartas a Rodin
260 _aBuenos Aires
_bEdiciones Siglo Veinte
_c1959
300 0 _a77 p.
655 _aLITERATURA
700 1 _aEspeche Lavie, José D.
_etraductor
942 _cBK
998 _cmartin
999 _c22111
_d22111